A manual of scientific enquiry (Record no. 186)

MARC details
000 -LEADER
fixed length control field 00565nam a2200169Ia 4500
003 - CONTROL NUMBER IDENTIFIER
control field IN-BaIIA
008 - FIXED-LENGTH DATA ELEMENTS--GENERAL INFORMATION
fixed length control field 211028s9999 xx 000 0 eng d
040 ## - CATALOGING SOURCE
Transcribing agency IIA Library
080 ## - UNIVERSAL DECIMAL CLASSIFICATION NUMBER
Universal Decimal Classification number (035)5
Item number HER
245 #2 - TITLE STATEMENT
Title A manual of scientific enquiry
Remainder of title prepared for the use of officers in Her Majesty's navy and travellers in general
Statement of responsibility, etc. edited by John F. W. Herschel
260 ## - PUBLICATION, DISTRIBUTION, ETC.
Place of publication, distribution, etc. London
Name of publisher, distributor, etc. J. Murray
Date of publication, distribution, etc. 1859
300 ## - PHYSICAL DESCRIPTION
Extent xvi, 392 p.
650 ## - SUBJECT ADDED ENTRY--TOPICAL TERM
Topical term or geographic name entry element Earth and Environmental Sciences
9 (RLIN) 369
650 ## - SUBJECT ADDED ENTRY--TOPICAL TERM
Topical term or geographic name entry element Earth science
9 (RLIN) 370
700 ## - ADDED ENTRY--PERSONAL NAME
Personal name Herschel, John F. W., ed.
9 (RLIN) 371
942 ## - ADDED ENTRY ELEMENTS (KOHA)
Koha item type Books
Holdings
Withdrawn status Lost status Damaged status Not for loan Home library Current library Shelving location Date acquired Total Checkouts Full call number Barcode Date last seen Price effective from Koha item type
        IIA Library-Bangalore IIA Library-Kodaikanal General Stacks     (035)5/ HER 152 05/11/2021   Books

Powered by Koha